000 00722nam a2200241 i 4500
001 bg
100 1 _aRYDZEWSKI, Jerzy
245 1 0 _aPomiary oscyloskopowe /
_cJerzy Rydzewski.
250 _aWyd. 2.
260 _aWarszawa :
_bWydawnictwa Naukowo-Techniczne,
_c1999.
300 _a242 s. :
_bfot., rys., wykr. ;
_c24 cm.
504 _aBibliogr. s. 224-225.
521 _aDla tech. i inż. elektryków i elektroników oraz studentów elektrotechniki i elektroniki.
650 9 _aOscyloskop
655 _aPodręczniki akademickie
020 _a8320424771
040 _cBPK
041 0 _apl
080 _a621.317.7(075.8)
920 _a83-204-2477-1
942 _cKS
008 s pl f |000 0 pol
999 _c36115
_d36115
856 _uhttp://koha.tu.koszalin.pl/cgi-bin/koha/opac-detail.pl?biblionumber=36115
_yKatalog online BPK